Drogerien & Parfümerien in Deutschland nach Zahl der Filialen - Statistiken

Allgemein
  • Dieses Quiz wurde 85 mal gespielt
  • Das Durchschnittsergebnis liegt bei 4 aus 11
Antwortstatistiken
Filialen (ca.) Typ Antwort % Korrekt
2.100 Drogerie dm
96%
2.300 Drogerie Rossmann
95%
330 Parfümerie Douglas
83%
580 Drogerie Müller
78%
200 Kosmetik Rituals
28%
190 Drogerie Budnikowsky
19%
40 Kosmetik/Seife Lush
13%
100 Kosmetik MAC Cosmetics
13%
26 Kosmetik The Body Shop
12%
45 Drogerie DroNova
3%
37 Kosmetik L’Occitane en Provence
3%
Keine übereinstimmenden Quizze gefunden
Verteilung der Resultate
Anzahl Personen mit jedem Resultat
Perzentil nach korrekt beantworteten Fragen
Ihre Resultats-Entwicklung
Sie haben dieses Quiz noch nicht gespielt